[Event "Mittelfranken Landesliga Sued 2223"]
[Site "Mittelfranken"]
[Date "2023.03.05"]
[Round "7.8"]
[White "Glueck, Roland"]
[Black "Pribyl, Felix"]
[Result "0-1"]
[WhiteElo "1902"]
[BlackElo "1875"]
[PlyCount "62"]
[EventDate "2022.10.09"]
[EventType "team-tourn"]
[EventRounds "9"]
[EventCountry "GER"]
[SourceTitle "EXT 2024"]
[Source "ChessBase"]
[SourceDate "2023.10.10"]
[SourceVersion "1"]
[SourceVersionDate "2023.10.10"]
[SourceQuality "1"]
[WhiteTeam "Kriegshaber"]
[BlackTeam "Haunstetten"]
[WhiteTeamCountry "GER"]
[BlackTeamCountry "GER"]

1. g3 d5 2. Bg2 e5 3. d3 Be7 4. Nf3 Nd7 5. c4 Ngf6 6. cxd5 Nxd5 7. Nc3 c6 8. 0-0 0-0 9. a3 Kh8 10. Nxd5 cxd5 11. Qb3 Nc5 12. Qc2 f6 13. d4 Nd7 14. dxe5 fxe5 15. b4 Bf6 16. Bb2 Qe7 17. e4 d4 18. Ne1 Bg5 19. Nd3 Bh6 20. f4 b6 21. Kh1 Ba6 22. fxe5 Rfc8 23. Qd1 Nxe5 24. Nxe5 Bxf1 25. Bxf1 Qxe5 26. Bxd4 Qe6 27. Bb2 Rd8 28. Qe1 Rac8 29. Bg2 Rc2 30. Bc1 Bxc1 31. Rxc1 Qa2 0-1

[Event "Regionalliga SW 9495"]
[Site "Bayern"]
[Date "1994.??.??"]
[Round "?.8"]
[White "Graf, Josef"]
[Black "Glueck, Roland"]
[Result "1/2-1/2"]
[WhiteElo "1785"]
[BlackElo "1770"]
[PlyCount "33"]
[EventDate "1994.10.??"]
[EventType "team-tourn"]
[EventRounds "9"]
[EventCountry "GER"]
[SourceTitle "EXT 1999"]
[Source "ChessBase"]
[SourceDate "1998.11.16"]
[SourceVersion "1"]
[SourceVersionDate "1998.11.16"]
[SourceQuality "1"]
[WhiteTeam "Obermenzing"]
[BlackTeam "Kriegshaber SK"]
[WhiteTeamCountry "GER"]
[BlackTeamCountry "GER"]

1. d4 d6 2. e3 g6 3. Nf3 Bg7 4. c4 f5 5. Nc3 Nf6 6. Bd3 0-0 7. 0-0 Nbd7 8. Bd2 e5 9. dxe5 dxe5 10. Be2 c6 11. Qc2 Qc7 12. Rad1 Nc5 13. Bc1 a5 14. b3 Be6 15. Ba3 Nfd7 16. e4 fxe4 17. Ng5 1/2-1/2